000
00255nam a2200109Ia 4500
008
220204s9999 xx 000 0 und d
082
_a
678.664
_b
HEA
245
0
_a
Polyurethane foams
260
_a
London
_b
Iliffe
_c
1964
700
_a
Healy, T T
942
_c
BK
999
_c
22452
_d
22452